Normal view
MARC view
- Lewis, Allan
Entry Personal Name
001 - CONTROL NUMBER
- control field: 153723
003 - CONTROL NUMBER IDENTIFIER
- control field: DLC
005 - DATE AND TIME OF LATEST TRANSACTION
- control field: 20260416132552.0
008 - FIXED-LENGTH DATA ELEMENTS
- fixed length control field: 800814n| azannaabn |n aaa
010 ## - LIBRARY OF CONGRESS CONTROL NUMBER
- LC control number: n 50049245
035 ## - SYSTEM CONTROL NUMBER
- System control number: (OCoLC)oca00084289
040 ## - CATALOGING SOURCE
- Original cataloging agency: DLC
- Language of cataloging: eng
- Description conventions: rda
- Transcribing agency: DLC
- Modifying agency: OCoLC
- Modifying agency: DLC
100 1# - HEADING--PERSONAL NAME
- Personal name: Lewis, Allan
670 ## - SOURCE DATA FOUND
- Source citation: His El teatro moderno. Tesis, 1954.
670 ## - SOURCE DATA FOUND
- Source citation: Information from 678 converted Dec. 11, 2014
- Information found: (Dr.)



